000 004600000a22001930004500
001 003235
003 MACL
005 20151206131019.0
008 151206b xxu||||| |||| 00| 0 eng d
040 _aMACL
_cMACL
041 _aEnglish
082 _a742
100 _aKaplan, Bracha
_919528
245 _aA Flat For Rent
_cBracha Kaplan
260 _aNational Book Trust,
_c2003
350 _a20
650 _aChildren's Book
_919529
942 _k742
_cBK
_2ddc
999 _c15141
_d15141